| Tag |
First Indicator |
Second Indicator |
Subfields |
| LEADER |
00000cam a22000001 4500 |
| 001 |
in00000072162 |
| 005 |
20151008052431.0 |
| 008 |
730220s1959 nyua 00000 eng |
| 010 |
|
|
|a 59013148
|
| 019 |
|
|
|a 251081
|
| 035 |
|
|
|a (OCoLC)00168747
|
| 035 |
|
|
|9 AAH3319AM
|
| 040 |
|
|
|a DLC
|c DLC
|d TXA
|d UtOrBLW
|
| 049 |
|
|
|a TXAM
|c 1 [314807]
|c 2 [319301]
|
| 050 |
0 |
0 |
|a HG4661
|b .B45
|
| 082 |
0 |
|
|a 332.63
|
| 092 |
|
|
|a 332.67
|b B527e
|
| 100 |
1 |
|
|a Bernhard, Arnold.
|
| 245 |
1 |
4 |
|a The evaluation of common stocks.
|
| 264 |
|
1 |
|a New York :
|b Simon and Schuster,
|c 1959.
|
| 300 |
|
|
|a 182 pages :
|b illustrations ;
|c 25 cm.
|
| 336 |
|
|
|a text
|b txt
|2 rdacontent
|
| 337 |
|
|
|a unmediated
|b n
|2 rdamedia
|
| 338 |
|
|
|a volume
|b nc
|2 rdacarrier
|
| 650 |
|
0 |
|a Stocks.
|
| 999 |
|
|
|a MARS
|
| 999 |
f |
f |
|s aa8c7b02-e93a-324e-9b15-e3f418a85429
|i a35fa02b-decb-3eb2-9b94-132dcf25ade4
|t 0
|
| 952 |
f |
f |
|p normal
|a Texas A&M University
|b College Station
|c Sterling C. Evans Library
|d Evans: Library Stacks
|t 0
|e HG4661 .B45
|h Library of Congress classification
|i unmediated -- volume
|m A14829468654
|
| 998 |
f |
f |
|a HG4661 .B45
|t 0
|l Evans: Library Stacks
|